000 00331nam a2200097Ia 4500
005 20250424112935.0
008 250424s9999 xx 000 0 und d
300 _av. , 100 p. : ill. , ports. ; 26 cm.
650 _aInternational relations--Periodicals. Peace--Periodicals. Arbitration (International law)--Periodicals.
942 _cSR
999 _c37997
_d37997